| 000 | 01149nam a2200277 a 4500 | ||
|---|---|---|---|
| 001 | BRCA_7484 | ||
| 005 | 20190320205844.0 | ||
| 008 | 250413s1939----u--a###f##---#000-0#eng-# | ||
| 041 | _aengspa | ||
| 044 | _au | ||
| 050 | 4 |
_aZ8158 _b.S86 1939 |
|
| 245 | 1 | 0 |
_aA critical bibliography of editions of the Don Quixote: printed between 1605 and 1917 _ccompiled and described by Juan Suñe Benages and Juan Suñe Fonbuena, continued down to 1937 by the first of these authors and how edited by J. D. M. Ford & C. T. Kelle. |
| 260 |
_aMassachusetts, Estados Unidos _bHarvard University _c1939 |
||
| 300 |
_axvii, 72 p. _bil., tablas _c25 cm. |
||
| 500 | _aEdición de cantos dorados | ||
| 500 | _aR12 | ||
| 546 | _aTexto en: inglès y español | ||
| 600 | 1 | 4 |
_aCervantes Saavedra, Miguel de _d1547-1616 _tDon Quijote _vBibliografía _918425 |
| 700 | 1 |
_aSuñe Benages, Juan _ecomp. _918426 |
|
| 700 | 1 |
_aSuñe Fonbuena, Juan _ecomp. _918427 |
|
| 700 | 1 |
_aFord, J. D. M. _eed. _918428 |
|
| 700 | 1 |
_aKelle, C. T. _eed. _918429 |
|
| 740 | 0 | _aBibliografía crítica de ediciones del Quijote, impresas desde 1605 hasta 1917 | |
| 902 | _aGFM | ||
| 942 |
_2lcc _cB |
||
| 999 |
_c7159 _d7159 |
||